000
00495nam a2200133Ia 4500
008
100328s9999 xx 000 0 und d
082
_b
21312
100
_a
वरेरकर भार्गवराम विठ्ठल
245
_a
गोदू गोखले पूर्वार्ध
260
_b
जोशी न.रा.
630
_a
गोदू गोखले पूर्वार्ध
730
_a
गोदू गोखले पूर्वार्ध
942
_c
BOOK
999
_c
515347
_d
515344